| 000 | 00703nam a2200229 a 4500 | ||
|---|---|---|---|
| 001 | BRCA_5216 | ||
| 005 | 20190320205004.0 | ||
| 008 | 261110s1939----gw-a######---#000-0#ger-# | ||
| 041 | _ager | ||
| 044 | _agw | ||
| 050 | 4 |
_aND813.V4 _b.F68 1939 |
|
| 100 | 1 |
_aFaure, Elie _913357 |
|
| 245 | 1 | 0 |
_aVelázquez _bGesamtwiedergabe seiner gemälde _cmit einer einleitung von Elie Faure. |
| 260 |
_aLeipzig, Alemania _bGeorge Allen & Unwin _c1939 |
||
| 300 |
_a245 p. _bil., 143 láminas _c22 cm. |
||
| 500 | _aInlcuye catálogo de pinturas e índice geográfico | ||
| 500 | _aE51 | ||
| 600 | 1 | 4 |
_aVelázquez, Diego _d1599-1660 _913358 |
| 650 | 1 | 4 |
_aPintores españoles _97620 |
| 902 | _aGFM | ||
| 942 |
_2lcc _cB |
||
| 999 |
_c4910 _d4910 |
||